000
003020000a22001330004500
041
0
_a
SPA
082
0
4
_a
AV 0375
110
1
_a
El Colombiano
245
1
0
_a
Revista Resumen 2007 / El Colombiano
300
_a
57 Pág.
505
0
0
_a
Así somos: Radiografía del paisa de hoy
001
14480
942
_c
BK
999
_c
43341
_d
43341